[Event "Challenge"]
[Site "http://www.queenalice.com/game.php?id=492469"]
[Date "2008.11.13"]
[Round "-"]
[White "elaprendiz"]
[Black "thebroter"]
[Result "0-1"]
[WhiteElo "1399"]
[BlackElo "1521"]

1. d4 Nf6 2. c4 e6 3. Nf3 b6 4. g3 Bb7 5. Bg2 Bb4+ 6. Bd2 a5 7. a3 Bxd2+ 8.
Nbxd2 d6 9. O-O Nbd7 10. Re1 O-O 11. Rc1 c5 12. e3 Qc7 13. Qc2 Rac8 14. Qb1 Qb8
15. b4 axb4 16. axb4 cxd4 17. exd4 Rfe8 18. Qd3 e5 19. dxe5 Nxe5 20. Nxe5 dxe5
21. Ne4 Bxe4 22. Bxe4 Rcd8 23. Qc3 Rd4 24. Bf3 Red8 25. Kg2 Qc7 26. c5 bxc5 27.
bxc5 e4 28. Be2 Qc6 29. Rc2 R4d5 30. f3 h6 0-1

[Event "AUTO-OPEN-1335"]
[Site "http://www.queenalice.com/game.php?id=492552"]
[Date "2008.11.13"]
[Round "1"]
[White "thebroter"]
[Black "manoelconstante"]
[Result "1-0"]
[WhiteElo "1877"]
[BlackElo "1478"]

1. d4 d5 2. Nf3 Nc6 3. e3 a5 4. Bd3 f5 5. c3 g6 6. Nbd2 e6 7. Ne5 Nxe5 8. dxe5
Bg7 9. f4 h5 10. Qc2 c6 11. Nf3 b5 12. O-O a4 13. Bd2 Nh6 14. b3 Nf7 15. c4 axb3
16. axb3 Rxa1 17. Rxa1 dxc4 18. bxc4 bxc4 19. Qxc4 g5 20. Qxc6+ Kf8 21. Bb4+ Kg8
22. Bc4 Rh6 23. Bd6 Nxd6 24. exd6 Bxa1 25. Nxg5 Kg7 26. Qa8 Bf6 27. Qa7+ Be7 28.
dxe7 Bd7 29. exd8=Q Rh8 30. Qaxd7+ Kh6 31. Qf6# 1-0

[Event "AUTO-OPEN-1335"]
[Site "http://www.queenalice.com/game.php?id=492553"]
[Date "2008.11.13"]
[Round "1"]
[White "manoelconstante"]
[Black "thebroter"]
[Result "0-1"]
[WhiteElo "1458"]
[BlackElo "1877"]

1. g4 e5 2. c4 c6 3. d3 d5 4. c5 Bxg4 5. b4 Nf6 6. f3 Bf5 7. Bb2 Nbd7 8. e4 dxe4
9. fxe4 Bg4 10. Be2 Be6 11. Nf3 Qc7 12. a3 b6 13. cxb6 axb6 14. a4 Bxb4+ 15. Bc3
Bc5 16. Nbd2 Ng4 17. Ng5 Ne3 18. Qc1 Nf6 19. Nc4 Bxc4 20. dxc4 Rd8 21. a5 h6 22.
Nf3 Nxe4 23. Bxe5 Qd7 24. Bxg7 Rg8 25. Bxh6 Ng2+ 26. Kf1 Qh3 27. axb6 Ng3+ 28.
hxg3 Qxh1+ 29. Ng1 Qxg1# 0-1

[Event "AUTO-OPEN-1335"]
[Site "http://www.queenalice.com/game.php?id=492554"]
[Date "2008.11.13"]
[Round "1"]
[White "thebroter"]
[Black "erdnaxela"]
[Result "0-1"]
[WhiteElo "1536"]
[BlackElo "1644"]

1. f4 f5 2. Nf3 e6 3. b3 Nc6 4. Bb2 Nh6 5. d3 Ng4 6. Qd2 Bb4 7. c3 Bc5 8. d4 Be7
9. e3 a6 10. Bd3 g6 11. Na3 b5 12. Nc2 Bb7 13. e4 Rf8 14. e5 d5 15. exd6 Qxd6
16. O-O-O O-O-O 17. h3 Nf6 18. Ne5 Nxe5 19. fxe5 Qd5 20. exf6 Bxf6 0-1

[Event "AUTO-OPEN-1335"]
[Site "http://www.queenalice.com/game.php?id=492555"]
[Date "2008.11.13"]
[Round "1"]
[White "erdnaxela"]
[Black "thebroter"]
[Result "1-0"]
[WhiteElo "1656"]
[BlackElo "1521"]

1. e4 c5 2. Bc4 e6 3. e5 d5 4. Bb5+ Bd7 5. Bxd7+ Qxd7 6. f4 Nc6 7. c3 d4 8. c4
Nge7 9. d3 h5 10. Nf3 Nf5 11. a3 Be7 12. O-O g6 13. Nbd2 a6 14. Ne4 O-O 15. Nfg5
b5 16. cxb5 axb5 17. Bd2 c4 18. dxc4 bxc4 19. Bb4 Nxb4 20. axb4 Qb5 21. Rxa8
Rxa8 22. Nf6+ 1-0

[Event "AUTO-OPEN-1335"]
[Site "http://www.queenalice.com/game.php?id=492556"]
[Date "2008.11.13"]
[Round "1"]
[White "thebroter"]
[Black "joaohumberto"]
[Result "0-1"]
[WhiteElo "1686"]
[BlackElo "1594"]

1. e4 d5 2. exd5 Qxd5 3. Nc3 Qe5+ 4. Be2 Bf5 5. Nf3 Qf6 6. d4 Nc6 7. Be3 Nb4 8.
Rc1 O-O-O 9. a3 Nc6 10. O-O h6 11. d5 Ne5 12. Nxe5 Qxe5 13. Bxa7 e6 14. Bd4 Qf4
15. g3 Qd6 16. Nb5 Qxd5 17. c4 Qe4 18. Bf3 Qd3 19. Qxd3 Bxd3 20. Rfd1 Bg6 21.
Na7+ Kb8 0-1

[Event "AUTO-OPEN-1335"]
[Site "http://www.queenalice.com/game.php?id=492557"]
[Date "2008.11.13"]
[Round "1"]
[White "joaohumberto"]
[Black "thebroter"]
[Result "1-0"]
[WhiteElo "1614"]
[BlackElo "1648"]

1. d4 Nf6 2. Nf3 e6 3. Ne5 d6 4. Nf3 b6 5. a3 Bb7 6. c4 Nbd7 7. e3 Be7 8. Bd3
O-O 9. Ng5 h6 10. Ne4 Bxe4 11. f3 Bxd3 12. Qxd3 e5 13. O-O exd4 14. Qxd4 Ne5 15.
Nd2 Qd7 16. Ne4 Nxe4 17. Qxe4 f5 18. Qd5+ Kh8 19. e4 fxe4 20. Qxe4 Rae8 21. Be3
1-0

[Event "Challenge"]
[Site "http://www.queenalice.com/game.php?id=494721"]
[Date "2008.11.18"]
[Round "-"]
[White "thebroter"]
[Black "Nigo"]
[Result "0-1"]
[WhiteElo "1810"]
[BlackElo "1692"]

1. c4 e5 2. Nc3 Nf6 3. g3 c6 4. Bg2 Bc5 5. d3 O-O 6. Nf3 d6 7. O-O Re8 8. e3 h6
9. a3 Bf5 10. b4 Bb6 11. Nh4 Bh7 12. Bb2 a5 13. b5 g5 14. Nf3 Nbd7 0-1

[Event "Challenge"]
[Site "http://www.queenalice.com/game.php?id=494722"]
[Date "2008.11.18"]
[Round "-"]
[White "thebroter"]
[Black "enzo69"]
[Result "0-1"]
[WhiteElo "1534"]
[BlackElo "1707"]

1. d4 Nf6 2. Nf3 d5 3. e3 g6 4. Bd3 Bg7 5. Nbd2 Bg4 6. h3 Bxf3 7. Qxf3 O-O 8.
O-O Nc6 9. c3 e5 10. dxe5 Nxe5 11. Qe2 Nxd3 12. Qxd3 Qd6 13. Nf3 Rfe8 14. b3 Ne4
15. Bb2 Re6 16. Rfd1 c6 17. Nd4 Bxd4 0-1

[Event "Challenge"]
[Site "http://www.queenalice.com/game.php?id=496622"]
[Date "2008.11.21"]
[Round "-"]
[White "thebroter"]
[Black "Nigo"]
[Result "0-1"]
[WhiteElo "1758"]
[BlackElo "1713"]

1. d4 d5 2. Nf3 Nf6 3. c4 dxc4 4. Nc3 e6 5. e3 Bb4 6. Bxc4 O-O 7. O-O Nc6 8. a3
Bxc3 9. bxc3 Bd7 10. Rb1 b6 11. Bd3 h6 0-1

[Event "AUTO-INT-1115"]
[Site "http://www.queenalice.com/game.php?id=498258"]
[Date "2008.11.25"]
[Round "1"]
[White "Morientes"]
[Black "thebroter"]
[Result "1-0"]
[WhiteElo "1540"]
[BlackElo "1584"]

1. e4 c5 2. Nc3 Nc6 3. Qf3 Nf6 4. Qd1 e5 5. Nf3 d5 6. exd5 Nxd5 7. Nxd5 Qxd5 8.
d3 Bg4 9. Be2 O-O-O 10. O-O e4 11. dxe4 Qxe4 12. Qe1 Re8 13. Bd2 Bd6 14. Bd3
Qxe1 15. Rfxe1 Bxf3 16. Rxe8+ 1-0

[Event "AUTO-INT-1115"]
[Site "http://www.queenalice.com/game.php?id=498259"]
[Date "2008.11.25"]
[Round "1"]
[White "thebroter"]
[Black "Morientes"]
[Result "0-1"]
[WhiteElo "1617"]
[BlackElo "1520"]

1. d4 d5 2. Nf3 Nc6 3. g3 Bg4 4. Bg2 Nf6 5. c3 Bxf3 6. Bxf3 e6 7. Nd2 Bd6 8. O-O
O-O 9. e4 dxe4 10. Nxe4 Nxe4 11. Bxe4 Qf6 12. Qg4 g6 13. Bh6 Rfe8 14. f4 Ne7 0-1

[Event "AUTO-INT-1115"]
[Site "http://www.queenalice.com/game.php?id=498272"]
[Date "2008.11.25"]
[Round "1"]
[White "mudinho"]
[Black "thebroter"]
[Result "1-0"]
[WhiteElo "1571"]
[BlackElo "1556"]

1. e4 e6 2. Nf3 d5 3. Nc3 d4 4. Ne2 c5 5. c3 Nc6 6. cxd4 cxd4 7. Qa4 d3 8. Nf4
Nf6 9. Bxd3 Bd7 10. Bb5 Bd6 11. Nd3 a6 12. Bxc6 Bxc6 13. Qb3 Nxe4 14. O-O O-O
15. Nb4 Nc5 16. Qc3 Bxf3 17. Qxf3 1-0

[Event "AUTO-INT-1115"]
[Site "http://www.queenalice.com/game.php?id=498273"]
[Date "2008.11.25"]
[Round "1"]
[White "thebroter"]
[Black "mudinho"]
[Result "1-0"]
[WhiteElo "1877"]
[BlackElo "1591"]

1. d4 d5 2. Nf3 Nf6 3. e3 Nc6 4. Bd3 e6 5. Nbd2 Bb4 6. O-O O-O 7. c3 Bd6 8. e4
dxe4 9. Nxe4 Nxe4 10. Bxe4 Bd7 11. Bxh7+ Kxh7 12. Ng5+ Kg8 13. Qh5 Qxg5 14. Bxg5
Be7 15. f4 Bxg5 16. fxg5 1-0

[Event "AUTO-INT-1115"]
[Site "http://www.queenalice.com/game.php?id=498283"]
[Date "2008.11.25"]
[Round "1"]
[White "montelo"]
[Black "thebroter"]
[Result "1-0"]
[WhiteElo "1739"]
[BlackElo "1718"]

1. e4 c5 2. Nf3 Nc6 3. Bc4 e6 4. d3 d5 5. exd5 exd5 6. Bb5 Nf6 7. c3 Be7 8. Ne5
Bd7 9. Qf3 Nxe5 10. Bxd7+ Qxd7 11. Qg3 Ng6 12. O-O O-O 13. h4 Nh5 14. Qf3 Nf6
15. c4 Nxh4 16. Qg3 Ng6 17. Bg5 Bd6 18. f4 Qf5 19. cxd5 Nxd5 20. Nc3 Ndxf4 21.
Bxf4 Bxf4 22. Ne2 Bxg3 23. Rxf5 Be5 24. Rc1 b6 25. Rd1 Bxb2 26. Ng3 Rad8 27. Rf3
Rfe8 28. Rd2 Bd4+ 29. Kh2 Re1 30. Ne2 h5 31. Nxd4 Rxd4 32. Rdf2 f6 33. Rg3 Nf4
34. Rgf3 Nxd3 35. Rf5 Nxf2 36. Rxf2 Kf7 37. Rf5 g5 38. Rf3 g4 39. Ra3 1-0